SOFT SKILLS THE SOFTWARE DEVELOPER S LIF (Record no. 26414)

MARC details
000 -LEADER
fixed length control field 00339nam a2200133Ia 4500
008 - FIXED-LENGTH DATA ELEMENTS--GENERAL INFORMATION
fixed length control field 240624s9999 xx 000 0 und d
041 ## - LANGUAGE CODE
Language code of text/sound track or separate title eng
082 ## - DEWEY DECIMAL CLASSIFICATION NUMBER
Classification number 650.14 SON
100 ## - MAIN ENTRY--PERSONAL NAME
Personal name SONMEZ JOHN Z
245 ## - TITLE STATEMENT
Title SOFT SKILLS THE SOFTWARE DEVELOPER S LIF
260 ## - PUBLICATION, DISTRIBUTION, ETC.
Date of publication, distribution, etc. 2015
Place of publication, distribution, etc. New Delhi
Name of publisher, distributor, etc. Wiley
300 ## - PHYSICAL DESCRIPTION
Extent 470 : p. : m. ; 28
365 ## - TRADE PRICE
Currency code RS
Price amount 33
Holdings
Withdrawn status Lost status Damaged status Not for loan Home library Current library Shelving location Date acquired Source of acquisition Cost, normal purchase price Full call number Barcode Date last seen Copy number Price effective from Koha item type
        IMTN IMTN Rack 18-B 12/08/2015 VBC 499.00 650.14 SON 26414 06/24/2024 1 06/24/2024 Books
Designed & Maintained by: LRC IMT Nagpur Contact: lrc@imtnag.ac.in© 2024. All Rights Reserved.